<?xml version="1.0" encoding="UTF-8"?>
<marc:record xmlns:marc="http://www.loc.gov/MARC21/slim">
   <marc:leader>00000nam a2200000 a 4500</marc:leader>
   <marc:datafield ind1="1" ind2=" " tag="100">
      <marc:subfield code="a">Neßhöver, Nanna</marc:subfield>
      <marc:subfield code="4">aut</marc:subfield>
      <marc:subfield code="e">Verfasser/-in</marc:subfield>
   </marc:datafield>
   <marc:datafield ind1="1" ind2=" " tag="100">
      <marc:subfield code="a">Sommer, Eleanor</marc:subfield>
   </marc:datafield>
   <marc:datafield ind1=" " ind2=" " tag="653">
      <marc:subfield code="a">Traurigkeit</marc:subfield>
   </marc:datafield>
   <marc:datafield ind1=" " ind2=" " tag="653">
      <marc:subfield code="a">Strategie</marc:subfield>
   </marc:datafield>
   <marc:datafield ind1=" " ind2=" " tag="653">
      <marc:subfield code="a">Trost</marc:subfield>
   </marc:datafield>
   <marc:datafield ind1="0" ind2="0" tag="245">
      <marc:subfield code="a">Wenn ich traurig bin</marc:subfield>
   </marc:datafield>
   <marc:datafield ind1="0" ind2="0" tag="245">
      <marc:subfield code="c">Nanna Neßhöver. Eleanor Sommer</marc:subfield>
   </marc:datafield>
   <marc:datafield ind1=" " ind2="1" tag="264">
      <marc:subfield code="a">Hamburg</marc:subfield>
      <marc:subfield code="b">Carlsen</marc:subfield>
      <marc:subfield code="c">2021</marc:subfield>
   </marc:datafield>
   <marc:datafield ind1=" " ind2=" " tag="250">
      <marc:subfield code="a">1. Auflage</marc:subfield>
   </marc:datafield>
   <marc:datafield ind1="1" ind2=" " tag="520">
      <marc:subfield code="a">Quelle: bn.bibliotheksnachrichten (http://www.biblio.at/literatur/bn/index.html); #Autor: Alexandra Gölly-Liebich; #Tierischer Mutmacher gegen Traurigkeit mit Tipps für einfache körperliche Übungen. (ab 3) (JD)#Was kann man gegen Traurigkeit tun? Dieser Frage geht Ella, das kleine Wiesel, in der Geschichte nach, denn sie hat ihr Lieblingskuscheltier verloren. Das schlägt Ella sehr auf den Magen. Sie geht nach draußen und trifft verschiedene Waldtiere. Alle erzählen ihr von ihren eigenen Methoden, sich aufzumuntern. Das Wolfsmädchen weint ganz laut, das Eichhörnchen hüpft ein paar Mal in die Luft und der Dachs schneidet lustige Grimassen. Mit jedem Vorschlag der Tiere geht es Ella ein Stückchen besser. Aber die Traurigkeit ist immer noch da - bis dem kleinen Wiesel plötzlich einfällt, wo ihr Kuscheltier sein könnte. Sie läuft schnell nach Hause und tatsächlich, sie findet es! Aber trotzdem ist es gut zu wissen, was man alles gegen Traurigkeit tun kann. Genau das sollen die kleinen LeserInnen mithilfe dieses Buchs ausprobieren. Sie werden dazu animiert, die Vorschläge der Tiere nachzumachen und mit Ella gemeinsam in sich hineinzuspüren. Dazu beschreibt das kleine Wiesel, wie unterschiedlich sich Traurigkeit anfühlen kann.#Am Ende des Buchs erscheint der Hinweis, dass in manchen Fällen die Konsultation von ÄrztInnen oder TherapeutInnen vonnöten sein kann. Hier wäre eine ausführlichere Hilfestellung für Eltern wünschenswert.</marc:subfield>
   </marc:datafield>
   <marc:datafield ind1=" " ind2=" " tag="020">
      <marc:subfield code="a">9783551519160</marc:subfield>
      <marc:subfield code="9">9783551519160</marc:subfield>
   </marc:datafield>
   <marc:datafield ind1=" " ind2=" " tag="041">
      <marc:subfield code="a">ger</marc:subfield>
   </marc:datafield>
   <marc:datafield ind1=" " ind2=" " tag="500">
      <marc:subfield code="a">All4Family/Gefühle und Emotionen</marc:subfield>
   </marc:datafield>
   <marc:datafield ind1=" " ind2=" " tag="300">
      <marc:subfield code="a">[34] S.</marc:subfield>
   </marc:datafield>
</marc:record>
